000 00283nam a2200097Ia 4500
001 650219
005 20250826154355.0
008 250824s9999 xx 000 0 und d
245 0 _aMONTE KRİSTO KONTU ANTİK OKUL KLASİKLERİ
_cALEXANDRE DUMAS
260 _bANTİK DÜNYA KLASİKLERİ
999 _c650219
_d650219